000 00903cam a22002531a 4500
001 e 21000522
003 DLC
005 20260227111212.0
008 860711s1921 dcua f001 0 eng c
010 _ae 21000522
035 _a(OCoLC)13857732
040 _aU.S. Off. of Educ. Library
_cABAU
_dABAU
_dDLC
042 _apremarc
050 0 0 _aL111
_b.A6 1921, no. 22
051 _aLB1771
_b.A3 1921
100 1 _aCook, Katherine Margaret O'Brien.
245 1 0 _aState laws and regulations governing teachers' certificates /
_cby Katherine M. Cook.
260 _aWashington :
_bG.P.O.,
_c1921.
300 _a244 p. :
_bill., maps ;
_c23 cm.
490 1 _aBulletin / Department of the Interior, Bureau of Education ;
_v1921, no. 22
500 _aIncludes index.
650 0 _aTeachers
_xCertification
_zUnited States
_xStates.
830 0 _aBulletin (United States. Bureau of Education) ;
_v1921, no. 22
999 _c20482
_d20482